[Event "GBR-ch110 Major Open"]
[Site "Hull"]
[Date "2024.08.03"]
[Round "8.42"]
[White "Swiatkowski, Dominik"]
[Black "Watkinson, Colin"]
[Result "1-0"]
[WhiteElo "1523"]
[BlackElo "1791"]
[PlyCount "73"]
[EventDate "2024.07.27"]
[EventType "swiss"]
[EventRounds "9"]
[EventCountry "GBR"]
[SourceTitle "BritBase"]
[Source "John Saunders"]
[SourceDate "2025.02.20"]
[SourceVersion "1"]
[SourceVersionDate "2025.02.20"]
[SourceQuality "1"]

1. e4 d5 2. exd5 Qxd5 3. Nc3 Qa5 4. d4 Nf6 5. Nf3 c6 6. Bc4 Bf5 7. Bd2 Qc7 8. O-O Nbd7 9. Re1 e6 10. Ne5 Nb6 11. Bb3 Be7 12. Bf4 Bd6 13. Qf3 Nfd5 14. Bg3 O-O 15. Ne4 Bxe4 16. Qxe4 Nf6 17. Qd3 Rad8 18. c3 Qc8 19. Bc2 Nbd5 20. Bh4 g6 21. Qf3 Be7 22. c4 Nh5 23. Bxe7 Nxe7 24. Rad1 Ng7 25. Bb3 Nef5 26. d5 cxd5 27. cxd5 Rfe8 28. dxe6 Nxe6 29. Rxd8 Qxd8 30. Qxb7 Qd2 31. Qxf7+ Kh8 32. Qxe8+ Kg7 33. Qf7+ Kh6 34. Rd1 Qxb2 35. Qxe6 Nd4 36. Nf7+ Kg7 37. Qe5+ 1-0

[Event "GBR-ch110 Major Open"]
[Site "Hull"]
[Date "2024.08.03"]
[Round "8.43"]
[White "Sinclair, Colin"]
[Black "Guarnieri, Federico"]
[Result "0-1"]
[WhiteElo "1783"]
[BlackElo "1572"]
[PlyCount "68"]
[EventDate "2024.07.27"]
[EventType "swiss"]
[EventRounds "9"]
[EventCountry "GBR"]
[SourceTitle "BritBase"]
[Source "John Saunders"]
[SourceDate "2025.02.20"]
[SourceVersion "1"]
[SourceVersionDate "2025.02.20"]
[SourceQuality "1"]

1. b3 d5 2. Bb2 Bg4 3. h3 Bh5 4. g4 Bg6 5. Bg2 h5 6. gxh5 Bxh5 7. Nf3 c6 8. d3 Nf6 9. Nbd2 Nbd7 10. Nf1 e6 11. Ng3 Bxf3 12. Bxf3 Bd6 13. Qd2 Qb6 14. e3 Ne5 15. Be2 Ng6 16. O-O-O a5 17. a4 Rh4 18. d4 e5 19. Nf5 Bb4 20. c3 Ne4 21. Qc2 Be7 22. Nxh4 Bxh4 23. Rhf1 Nxf2 24. Rxf2 Bxf2 25. Bh5 Bxe3+ 26. Kb1 e4 27. Qe2 Bh6 28. Qg4 Nf4 29. Qf5 Nxh5 30. Qe5+ Kf8 31. Qxh5 Re8 32. Ba3+ Kg8 33. Ka2 Qc7 34. Rg1 Qh2+ 0-1

[Event "GBR-ch110 Major Open"]
[Site "Hull"]
[Date "2024.08.03"]
[Round "8.44"]
[White "Cawston, M John"]
[Black "Buffard, Julien"]
[Result "1-0"]
[WhiteElo "1776"]
[BlackElo "1665"]
[PlyCount "51"]
[EventDate "2024.07.27"]
[EventType "swiss"]
[EventRounds "9"]
[EventCountry "GBR"]
[SourceTitle "BritBase"]
[Source "John Saunders"]
[SourceDate "2025.02.20"]
[SourceVersion "1"]
[SourceVersionDate "2025.02.20"]
[SourceQuality "1"]

1. d4 d5 2. c4 e6 3. Nc3 a6 4. e4 dxc4 5. Bxc4 b5 6. Bb3 c5 7. Nf3 Nd7 8. O-O Bb7 9. Qe2 Ngf6 10. e5 Nd5 11. Nxd5 Bxd5 12. Bxd5 exd5 13. dxc5 Nxc5 14. Rd1 Ne4 15. Be3 Be7 16. Rac1 O-O 17. h3 f5 18. Rc6 f4 19. Bb6 Qd7 20. Rdc1 Qf5 21. Qd3 Kh8 22. Qxd5 Bg5 23. Nd4 Nf6 24. Rxf6 Qd3 25. Rxf8+ Rxf8 26. Qf7 1-0

[Event "GBR-ch110 Major Open"]
[Site "Hull"]
[Date "2024.08.03"]
[Round "8.45"]
[White "Pattni, Kishan"]
[Black "Pleimling, Luc"]
[Result "1-0"]
[WhiteElo "1746"]
[BlackElo "1615"]
[PlyCount "53"]
[EventDate "2024.07.27"]
[EventType "swiss"]
[EventRounds "9"]
[EventCountry "GBR"]
[SourceTitle "BritBase"]
[Source "John Saunders"]
[SourceDate "2025.02.20"]
[SourceVersion "1"]
[SourceVersionDate "2025.02.20"]
[SourceQuality "1"]

1. f4 d5 2. Nf3 Nf6 3. b3 Bg4 4. e3 e6 5. Bb2 Nbd7 6. Be2 c5 7. d3 Be7 8. O-O Bxf3 9. Bxf3 Qb6 10. Nd2 a5 11. a4 c4 12. dxc4 Qxe3+ 13. Kh1 Bd6 14. cxd5 Qxf4 15. g3 Qh6 16. dxe6 fxe6 17. Qe1 O-O-O 18. Nc4 Bc7 19. Nxa5 Nd5 20. Nxb7 Kxb7 21. c4 Rhf8 22. cxd5 Rxf3 23. Rxf3 exd5 24. Qb4+ Kc8 25. Rc1 Ne5 26. Rxc7+ Kxc7 27. Bxe5+ 1-0

[Event "GBR-ch110 Major Open"]
[Site "Hull"]
[Date "2024.08.03"]
[Round "8.46"]
[White "Patton, Zachary"]
[Black "Srivastava, Siddhartha Shankar"]
[Result "1/2-1/2"]
[WhiteElo "1871"]
[BlackElo "1595"]
[PlyCount "95"]
[EventDate "2024.07.27"]
[EventType "swiss"]
[EventRounds "9"]
[EventCountry "GBR"]
[SourceTitle "BritBase"]
[Source "John Saunders"]
[SourceDate "2025.02.20"]
[SourceVersion "1"]
[SourceVersionDate "2025.02.20"]
[SourceQuality "1"]

1. e4 c5 2. Nf3 d6 3. d4 cxd4 4. Nxd4 Nf6 5. Nc3 a6 6. Bg5 e6 7. f4 Nbd7 8. Qf3 Qc7 9. O-O-O Be7 10. Bd3 O-O 11. h4 Nc5 12. g4 b5 13. h5 Nxd3+ 14. Qxd3 Bb7 15. Bxf6 Bxf6 16. g5 Bxd4 17. Qxd4 e5 18. Qf2 Qc5 19. Qxc5 dxc5 20. f5 Rad8 21. Rxd8 Rxd8 22. Rd1 Rxd1+ 23. Kxd1 g6 24. fxg6 fxg6 25. hxg6 hxg6 26. Kd2 Kf7 27. Ke3 Ke6 28. b3 Kd6 29. Nb1 Bc8 30. c3 Be6 31. Nd2 a5 32. Kd3 Kc6 33. a3 Bf7 34. Nf3 Kd6 35. Kc2 a4 36. bxa4 bxa4 37. c4 Bxc4 38. Kc3 Be6 39. Nh4 Bf7 40. Ng2 Be6 41. Ne3 Bf7 42. Ng4 Be8 43. Kc4 Bc6 44. Nf2 Bb7 45. Kb5 Bc6+ 46. Kc4 Bb7 47. Kb5 Bc6+ 48. Kc4 1/2-1/2

[Event "GBR-ch110 Major Open"]
[Site "Hull"]
[Date "2024.08.03"]
[Round "8.47"]
[White "Van Uytvange, Jonas"]
[Black "McLean, Rory R"]
[Result "0-1"]
[WhiteElo "1685"]
[BlackElo "1768"]
[PlyCount "109"]
[EventDate "2024.07.27"]
[EventType "swiss"]
[EventRounds "9"]
[EventCountry "GBR"]
[SourceTitle "BritBase"]
[Source "John Saunders"]
[SourceDate "2025.02.20"]
[SourceVersion "1"]
[SourceVersionDate "2025.02.20"]
[SourceQuality "1"]

1. e4 e6 2. d4 d5 3. Nd2 Nf6 4. e5 Nfd7 5. Ngf3 c5 6. c3 Nc6 7. Bd3 Be7 8. O-O a5 9. Re1 cxd4 10. cxd4 g5 11. h3 h5 12. Bb5 g4 13. Bxc6 bxc6 14. hxg4 hxg4 15. Nh2 g3 16. fxg3 c5 17. Ndf3 Rb8 18. b3 Qc7 19. Bf4 cxd4 20. Nxd4 Nc5 21. Rc1 Qb6 22. Rc2 Ba6 23. Be3 Rh7 24. Qg4 Kd7 25. Rec1 Bd3 26. Rc3 Rbh8 27. Ndf3 Be2 28. Bxc5 Bxc5+ 29. Rxc5 Rxh2 30. Qa4+ Bb5 31. Qxb5+ Qxb5 32. Rc7+ Ke8 33. Rc8+ Ke7 34. R1c7+ Qd7 35. Rxd7+ Kxd7 36. Rc5 Rh1+ 37. Kf2 Ra8 38. Ng5 Ra1 39. Ke3 Rxa2 40. Nxf7 Rxg2 41. Nd6 Rxg3+ 42. Kd4 Rxb3 43. Rc2 Rh8 44. Rg2 Rh4+ 45. Kc5 Rh7 46. Rg8 Rc3+ 47. Kb5 d4 48. Ne4 Rhh3 49. Kxa5 Rc8 50. Nf6+ Kc7 51. Rg7+ Kc6 52. Rd7 Rb8 53. Rd6+ Kc7 54. Rd7+ Kc8 55. Rxd4 0-1

[Event "GBR-ch110 Major Open"]
[Site "Hull"]
[Date "2024.08.03"]
[Round "8.48"]
[White "Jacobs, Simon"]
[Black "Bates, Hubert"]
[Result "1/2-1/2"]
[WhiteElo "1683"]
[BlackElo "1750"]
[PlyCount "56"]
[EventDate "2024.07.27"]
[EventType "swiss"]
[EventRounds "9"]
[EventCountry "GBR"]
[SourceTitle "BritBase"]
[Source "John Saunders"]
[SourceDate "2025.02.20"]
[SourceVersion "1"]
[SourceVersionDate "2025.02.20"]
[SourceQuality "1"]

1. e4 c5 2. Be2 Nc6 3. d3 d6 4. f4 Nf6 5. Nf3 g6 6. O-O Bg7 7. Qe1 Bg4 8. Kh1 O-O 9. Qh4 Bxf3 10. Bxf3 Nd4 11. Bd1 b5 12. c3 Nc6 13. Nd2 b4 14. Nf3 Nd7 15. f5 bxc3 16. bxc3 Re8 17. Ng5 Nf8 18. fxg6 hxg6 19. Nxf7 Qa5 20. Bb3 e6 21. Nxd6 Re7 22. Bg5 Rd7 23. Nc4 Qxc3 24. Rac1 Qb4 25. Bf6 Rf7 26. Bxg7 Rxg7 27. Rf6 Nd4 28. Rcf1 Nh7 1/2-1/2

[Event "GBR-ch110 Major Open"]
[Site "Hull"]
[Date "2024.08.03"]
[Round "8.51"]
[White "Kapitanski, Furion"]
[Black "Sobolevski, Damien"]
[Result "1-0"]
[WhiteElo "1581"]
[BlackElo "1041"]
[PlyCount "107"]
[EventDate "2024.07.27"]
[EventType "swiss"]
[EventRounds "9"]
[EventCountry "GBR"]
[SourceTitle "BritBase"]
[Source "John Saunders"]
[SourceDate "2025.02.20"]
[SourceVersion "1"]
[SourceVersionDate "2025.02.20"]
[SourceQuality "1"]

1. e4 c6 2. d4 d5 3. e5 c5 4. c3 e6 5. Nf3 Nc6 6. Be2 cxd4 7. cxd4 Bb4+ 8. Bd2 Bxd2+ 9. Qxd2 Nge7 10. Nc3 O-O 11. O-O b6 12. Rac1 Bb7 13. Bd3 f5 14. Ne2 Ng6 15. Rc2 Qe7 16. a3 Rac8 17. Rfc1 Rc7 18. b4 a6 19. Bxa6 Bxa6 20. Rxc6 Rxc6 21. Rxc6 Bxe2 22. Qxe2 Rb8 23. h3 Qa7 24. Qb2 Qd7 25. Rd6 Qe8 26. Ng5 Nf8 27. Qb3 h6 28. Nf3 Ng6 29. a4 Nh8 30. b5 Nf7 31. Rc6 Nd8 32. Rc7 Nb7 33. Qb4 Na5 34. Qe7 Qxe7 35. Rxe7 Rc8 36. Rxe6 Rc4 37. Rxb6 Rxa4 38. Ra6 Ra1+ 39. Kh2 Nb3 40. Rxa1 Nxa1 41. b6 Nb3 42. b7 Na5 43. b8=Q+ Kh7 44. Qb5 Nc4 45. Qxd5 Nb6 46. Qc6 Nc4 47. Qxc4 f4 48. e6 h5 49. e7 h4 50. d5 g5 51. d6 g4 52. e8=Q gxf3 53. Qcf7+ Kh6 54. Qg6# 1-0

[Event "GBR-ch110 Major Open"]
[Site "Hull"]
[Date "2024.08.04"]
[Round "9.1"]
[White "Fava, Lorenzo"]
[Black "Jaunooby, Ali Reza"]
[Result "1-0"]
[WhiteElo "2161"]
[BlackElo "2145"]
[PlyCount "69"]
[EventDate "2024.07.27"]
[EventType "swiss"]
[EventRounds "9"]
[EventCountry "GBR"]
[SourceTitle "BritBase"]
[Source "John Saunders"]
[SourceDate "2025.02.20"]
[SourceVersion "1"]
[SourceVersionDate "2025.02.20"]
[SourceQuality "1"]

1. Nf3 Nf6 2. c4 c5 3. Nc3 Nc6 4. g3 e6 5. Bg2 d5 6. cxd5 exd5 7. d4 Be6 8. O-O c4 9. Ng5 Bf5 10. e4 Bg4 11. Qa4 Bd7 12. exd5 Ne5 13. Qc2 Nd3 14. b3 Be7 15. d6 Bxd6 16. bxc4 Nxc1 17. Re1+ Kf8 18. Raxc1 h6 19. Nf3 Rc8 20. c5 Bb8 21. Ne5 Bc6 22. d5 Be8 23. Nd3 g6 24. Qb3 b6 25. c6 Bxc6 26. dxc6 Qxd3 27. Red1 Qf5 28. Nb5 a6 29. Qa3+ Kg7 30. Qxa6 Ng4 31. Qxb6 Nxf2 32. Rf1 Nh3+ 33. Bxh3 Qxh3 34. c7 Bxc7 35. Qf6+ 1-0

[Event "GBR-ch110 Major Open"]
[Site "Hull"]
[Date "2024.08.04"]
[Round "9.2"]
[White "Price, Gwilym T"]
[Black "Liu, Jack"]
[Result "1/2-1/2"]
[WhiteElo "2217"]
[BlackElo "2098"]
[PlyCount "26"]
[EventDate "2024.07.27"]
[EventType "swiss"]
[EventRounds "9"]
[EventCountry "GBR"]
[SourceTitle "BritBase"]
[Source "John Saunders"]
[SourceDate "2025.02.20"]
[SourceVersion "1"]
[SourceVersionDate "2025.02.20"]
[SourceQuality "1"]

1. e4 c5 2. Nf3 e6 3. d4 cxd4 4. Nxd4 Nc6 5. Nc3 Qc7 6. Be3 a6 7. Qf3 b5 8. Qg3 Bd6 9. f4 Nxd4 10. Bxd4 Ne7 11. Qxg7 Ng6 12. f5 Bf8 13. Qf6 Be7 1/2-1/2

[Event "GBR-ch110 Major Open"]
[Site "Hull"]
[Date "2024.08.04"]
[Round "9.3"]
[White "Bharat Kumar, Balahari"]
[Black "Chan, Sheng Liang Bernard"]
[Result "1/2-1/2"]
[WhiteElo "1989"]
[BlackElo "2096"]
[PlyCount "39"]
[EventDate "2024.07.27"]
[EventType "swiss"]
[EventRounds "9"]
[EventCountry "GBR"]
[SourceTitle "BritBase"]
[Source "John Saunders"]
[SourceDate "2025.02.20"]
[SourceVersion "1"]
[SourceVersionDate "2025.02.20"]
[SourceQuality "1"]

1. d4 Nf6 2. c4 e6 3. Nf3 d5 4. Nc3 c5 5. e3 Nc6 6. a3 dxc4 7. Bxc4 a6 8. dxc5 Qxd1+ 9. Kxd1 Bxc5 10. b4 Bd6 11. Bb2 Bd7 12. Ke2 Rc8 13. Bb3 Ke7 14. Rac1 Rhd8 15. Rhd1 b5 16. h3 h6 17. Ba1 Be8 18. Nd2 Ne5 19. Nce4 Bb8 20. Nc5 1/2-1/2

[Event "GBR-ch110 Major Open"]
[Site "Hull"]
[Date "2024.08.04"]
[Round "9.4"]
[White "Eames, Robert S"]
[Black "Ther, Mate"]
[Result "1/2-1/2"]
[WhiteElo "2148"]
[BlackElo "2001"]
[PlyCount "106"]
[EventDate "2024.07.27"]
[EventType "swiss"]
[EventRounds "9"]
[EventCountry "GBR"]
[SourceTitle "BritBase"]
[Source "John Saunders"]
[SourceDate "2025.02.20"]
[SourceVersion "1"]
[SourceVersionDate "2025.02.20"]
[SourceQuality "1"]

1. e4 Nc6 2. Nf3 e5 3. Bc4 Bc5 4. c3 Nf6 5. d4 exd4 6. b4 Bb6 7. e5 d5 8. exf6 dxc4 9. Qe2+ Be6 10. b5 Qxf6 11. bxc6 O-O 12. cxd4 Bg4 13. Be3 Ba5+ 14. Nbd2 Rae8 15. cxb7 c5 16. b8=Q Rxb8 17. O-O cxd4 18. Nxc4 Bc3 19. Bd2 Bxa1 20. Rxa1 Bxf3 21. Qxf3 Qxf3 22. gxf3 Rfc8 23. Nd6 Rc2 24. Bf4 Rcb2 25. Nc4 Rb1+ 26. Rxb1 Rxb1+ 27. Kg2 f6 28. a3 Kf7 29. Bd2 Ke6 30. Bb4 Kd5 31. Nd2 Rb2 32. f4 Ra2 33. Nb3 Kc4 34. Na5+ Kd5 35. Kf3 f5 36. Nb3 g6 37. h3 h6 38. h4 Rc2 39. Nd2 Rc1 40. Ke2 Rh1 41. Be7 Rh3 42. f3 Rh2+ 43. Kd3 Rh1 44. Bf6 Ra1 45. Bxd4 Rxa3+ 46. Bc3 Ra4 47. Ke3 Ra3 48. Kd3 Ra4 49. Ke3 a6 50. Bg7 Ra3+ 51. Ke2 h5 52. Nf1 Ra4 53. Be5 Ra2+ 1/2-1/2

[Event "GBR-ch110 Major Open"]
[Site "Hull"]
[Date "2024.08.04"]
[Round "9.5"]
[White "Crawford, Owen"]
[Black "Angst, Robin"]
[Result "0-1"]
[WhiteElo "2010"]
[BlackElo "2249"]
[PlyCount "134"]
[EventDate "2024.07.27"]
[EventType "swiss"]
[EventRounds "9"]
[EventCountry "GBR"]
[SourceTitle "BritBase"]
[Source "John Saunders"]
[SourceDate "2025.02.20"]
[SourceVersion "1"]
[SourceVersionDate "2025.02.20"]
[SourceQuality "1"]

1. e4 e5 2. Nf3 d6 3. d4 exd4 4. Nxd4 Nf6 5. Nc3 Be7 6. Bf4 O-O 7. Qd2 Nc6 8. O-O-O Nxd4 9. Qxd4 a6 10. e5 dxe5 11. Qxe5 Bd6 12. Qd4 Be6 13. Bxd6 cxd6 14. Bc4 Bxc4 15. Qxc4 b5 16. Qd4 Qa5 17. Kb1 Rfe8 18. Rhe1 Rxe1 19. Rxe1 b4 20. Ne4 b3 21. Nc3 bxc2+ 22. Kxc2 Qf5+ 23. Qd3 Qxf2+ 24. Re2 Qc5 25. Rd2 d5 26. Qd4 Qc7 27. g4 Rc8 28. h3 h6 29. Kb1 Ne4 30. Rd3 Qf4 31. Qxd5 Qf1+ 32. Kc2 Qe2+ 33. Kc1 Qe1+ 34. Kc2 Qf2+ 35. Kc1 Nxc3 36. Rxc3 Re8 37. Rd3 Rc8+ 38. Rc3 Rb8 39. Rb3 Qf1+ 40. Kc2 Re8 41. Rd3 Qe2+ 42. Rd2 Rc8+ 43. Kb3 Qe3+ 44. Rd3 Qb6+ 45. Ka3 Qc7 46. Re3 Rd8 47. Qe4 Qa5+ 48. Kb3 Rb8+ 49. Kc2 Qxa2 50. Qd4 a5 51. h4 a4 52. Kc1 Qa1+ 53. Kc2 Qf1 54. h5 Qf2+ 55. Kc1 Rc8+ 56. Kb1 Qc2+ 57. Ka2 Qc4+ 58. Qxc4 Rxc4 59. Rg3 Kf8 60. g5 hxg5 61. Rxg5 Rf4 62. b3 Kg8 63. bxa4 Rxa4+ 64. Kb3 Rf4 65. Ra5 Kh7 66. Ra8 Rf5 67. Rf8 f6 0-1

[Event "GBR-ch110 Major Open"]
[Site "Hull"]
[Date "2024.08.04"]
[Round "9.6"]
[White "Yoon, Jacob D"]
[Black "Pert, Max P"]
[Result "1/2-1/2"]
[WhiteElo "2118"]
[BlackElo "2034"]
[PlyCount "91"]
[EventDate "2024.07.27"]
[EventType "swiss"]
[EventRounds "9"]
[EventCountry "GBR"]
[SourceTitle "BritBase"]
[Source "John Saunders"]
[SourceDate "2025.02.20"]
[SourceVersion "1"]
[SourceVersionDate "2025.02.20"]
[SourceQuality "1"]

1. Nf3 d5 2. c4 e6 3. b3 Nf6 4. Bb2 Be7 5. g3 O-O 6. Bg2 b6 7. O-O Bb7 8. d3 c5 9. Nbd2 Nc6 10. a3 Qc7 11. Qc2 Rfd8 12. Rad1 Rac8 13. Qb1 Ne8 14. cxd5 exd5 15. Rc1 Qd7 16. h4 Bf6 17. b4 Qe7 18. bxc5 bxc5 19. Rfe1 Ba6 20. Bh3 Rc7 21. Bxf6 Nxf6 22. Qc2 Ne5 23. Qa4 Bc8 24. Bg2 Nxf3+ 25. Bxf3 Be6 26. Nb3 Rdc8 27. Rc3 Nd7 28. Rec1 h6 29. Qf4 Nb6 30. h5 Na8 31. Nd2 Nb6 32. Nb3 Na8 33. R3c2 Nb6 34. Nd4 c4 35. Nxe6 fxe6 36. dxc4 Qxa3 37. Qe5 Qe7 38. Bg4 Rc6 39. c5 Nc4 40. Qd4 Qg5 41. e3 Kf7 42. Be2 Rxc5 43. Bxc4 dxc4 44. Rxc4 Rxc4 45. Rxc4 Rxc4 46. Qxc4 1/2-1/2

[Event "GBR-ch110 Major Open"]
[Site "Hull"]
[Date "2024.08.04"]
[Round "9.7"]
[White "Ashworth, Michael J"]
[Black "Stoica, Savas Marin"]
[Result "1/2-1/2"]
[WhiteElo "2013"]
[BlackElo "2107"]
[PlyCount "106"]
[EventDate "2024.07.27"]
[EventType "swiss"]
[EventRounds "9"]
[EventCountry "GBR"]
[SourceTitle "BritBase"]
[Source "John Saunders"]
[SourceDate "2025.02.20"]
[SourceVersion "1"]
[SourceVersionDate "2025.02.20"]
[SourceQuality "1"]

1. d4 d5 2. c4 e6 3. Nc3 c6 4. cxd5 exd5 5. Nf3 Bf5 6. Bf4 Nd7 7. e3 Qb6 8. Qc1 Ngf6 9. h3 Be7 10. Be2 h6 11. O-O O-O 12. Ne5 Nxe5 13. Bxe5 a5 14. Rd1 a4 15. Bd3 Bxd3 16. Rxd3 Rfe8 17. Qc2 Qa5 18. Rc1 Nd7 19. Bg3 Bb4 20. Rdd1 Re6 21. Ne2 Nf6 22. Nf4 Ree8 23. Nd3 Bf8 24. Bh2 Ne4 25. Nc5 Nxc5 26. dxc5 Re4 27. Rd4 Rae8 28. Bg3 g6 29. b4 Qb5 30. Rxe4 Rxe4 31. a3 Rc4 32. Qd1 Rxc1 33. Qxc1 Bg7 34. Qc2 h5 35. Bd6 h4 36. Bf4 Bf6 37. Bd6 Qa6 38. Bc7 Qb5 39. Bd6 Kh7 40. Bc7 Qa6 41. Bd6 Bg7 42. Bf4 Kg8 43. Bd6 f5 44. Bc7 Kf7 45. Bf4 Bf6 46. Bd6 Ke6 47. Bc7 Kd7 48. Bf4 Bg7 49. Qd1 Bb2 50. Qc2 Bf6 51. Qd1 Ke6 52. Qc2 g5 53. Bc7 Qb5 1/2-1/2

[Event "GBR-ch110 Major Open"]
[Site "Hull"]
[Date "2024.08.04"]
[Round "9.8"]
[White "Howell, Oliver W"]
[Black "Kueh, Audrey"]
[Result "0-1"]
[WhiteElo "1910"]
[BlackElo "2058"]
[PlyCount "100"]
[EventDate "2024.07.27"]
[EventType "swiss"]
[EventRounds "9"]
[EventCountry "GBR"]
[SourceTitle "BritBase"]
[Source "John Saunders"]
[SourceDate "2025.02.20"]
[SourceVersion "1"]
[SourceVersionDate "2025.02.20"]
[SourceQuality "1"]

1. Nf3 d5 2. d4 Nf6 3. Bg5 Ne4 4. Bf4 c5 5. e3 Qb6 6. Nc3 Qa5 7. Bb5+ Bd7 8. Bxd7+ Nxd7 9. O-O Nxc3 10. bxc3 Rc8 11. Qd3 c4 12. Qd2 e6 13. Rfb1 Qa6 14. Qe2 Qc6 15. Ne5 Nxe5 16. Bxe5 f6 17. Bf4 h5 18. h4 Ba3 19. g4 hxg4 20. Qxg4 Kf7 21. h5 Rcg8 22. Qg6+ Ke7 23. Kf1 b6 24. Ke2 Qe8 25. Qxe8+ Kxe8 26. Bb8 Kd7 27. Bxa7 Ra8 28. Bxb6 Kc6 29. Bc5 Bxc5 30. dxc5 Kxc5 31. a4 Rxh5 32. Rb7 g5 33. Rc7+ Kd6 34. Rf7 f5 35. a5 Ra6 36. Rb7 Rh8 37. Ra4 g4 38. Rb5 Rha8 39. Rab4 Rxa5 40. Rb6+ Ke5 41. Rb2 Rh8 42. Rc6 Ra3 43. Rbb6 Rh6 44. Kd2 Ra1 45. Ke2 Rc1 46. Kd2 Rch1 47. Rb5 R6h2 48. Ke2 g3 49. Kf3 gxf2 50. Ke2 f1=Q# 0-1

[Event "GBR-ch110 Major Open"]
[Site "Hull"]
[Date "2024.08.04"]
[Round "9.9"]
[White "Zhao, George"]
[Black "Usifoh, Kristian C"]
[Result "1-0"]
[WhiteElo "2034"]
[BlackElo "1963"]
[PlyCount "47"]
[EventDate "2024.07.27"]
[EventType "swiss"]
[EventRounds "9"]
[EventCountry "GBR"]
[SourceTitle "BritBase"]
[Source "John Saunders"]
[SourceDate "2025.02.20"]
[SourceVersion "1"]
[SourceVersionDate "2025.02.20"]
[SourceQuality "1"]

1. d4 Nf6 2. c4 e6 3. Nf3 b6 4. g3 Ba6 5. Nbd2 c5 6. Bg2 Nc6 7. Ne5 Qc7 8. Nxc6 dxc6 9. d5 exd5 10. cxd5 O-O-O 11. dxc6 Bb5 12. O-O Bxc6 13. Qc2 h5 14. Nc4 Bxg2 15. Kxg2 Qc6+ 16. Kg1 Qe6 17. Bf4 Nd5 18. e3 h4 19. Rfd1 Be7 20. Qa4 g5 21. Qxa7 gxf4 22. Rxd5 Rxd5 23. Nxb6+ Kd8 24. Qb8+ 1-0

[Event "GBR-ch110 Major Open"]
[Site "Hull"]
[Date "2024.08.04"]
[Round "9.10"]
[White "Harborne, Matthew J"]
[Black "Roberts, David L"]
[Result "1-0"]
[WhiteElo "2103"]
[BlackElo "1963"]
[PlyCount "49"]
[EventDate "2024.07.27"]
[EventType "swiss"]
[EventRounds "9"]
[EventCountry "GBR"]
[SourceTitle "BritBase"]
[Source "John Saunders"]
[SourceDate "2025.02.20"]
[SourceVersion "1"]
[SourceVersionDate "2025.02.20"]
[SourceQuality "1"]

1. e4 e5 2. Nf3 Nc6 3. Bb5 f5 4. Nc3 Nf6 5. d3 fxe4 6. dxe4 d6 7. Bg5 Be7 8. Qd3 a6 9. Bxc6+ bxc6 10. Qc4 Bd7 11. O-O-O Nd5 12. Bxe7 Nxe7 13. Ng5 d5 14. exd5 cxd5 15. Nxd5 Nxd5 16. Qxd5 Qxg5+ 17. f4 Qxf4+ 18. Kb1 Rd8 19. Rhf1 c6 20. Qb3 Qf6 21. Rxf6 gxf6 22. Rf1 Rf8 23. a4 Ke7 24. Qb4+ Ke8 25. Qd6 1-0

[Event "GBR-ch110 Major Open"]
[Site "Hull"]
[Date "2024.08.04"]
[Round "9.11"]
[White "Pelling, Kyle"]
[Black "Nicholas, Koichi B"]
[Result "1/2-1/2"]
[WhiteElo "1911"]
[BlackElo "2097"]
[PlyCount "97"]
[EventDate "2024.07.27"]
[EventType "swiss"]
[EventRounds "9"]
[EventCountry "GBR"]
[SourceTitle "BritBase"]
[Source "John Saunders"]
[SourceDate "2025.02.20"]
[SourceVersion "1"]
[SourceVersionDate "2025.02.20"]
[SourceQuality "1"]

1. e4 e5 2. Nf3 Nc6 3. Bb5 a6 4. Ba4 Nf6 5. d3 b5 6. Bb3 Bc5 7. c3 d6 8. O-O O-O 9. Nbd2 Bb6 10. Re1 h6 11. Nf1 Ne7 12. d4 Ng6 13. Ng3 Re8 14. h3 exd4 15. cxd4 Bb7 16. Bc2 Qd7 17. b3 Rad8 18. Bb2 Ba5 19. Re3 Nf4 20. Ne2 N6h5 21. Nxf4 Nxf4 22. Nh4 g6 23. d5 Qe7 24. Qd4 Qe5 25. Qxe5 dxe5 26. Nf3 f6 27. Rd1 c6 28. dxc6 Bxc6 29. Rxd8 Rxd8 30. a3 b4 31. a4 Rc8 32. g3 Nxh3+ 33. Kg2 Bd7 34. Bd3 Be6 35. Nd2 Bb6 36. Re2 a5 37. Bc4 Bxc4 38. Nxc4 Rxc4 39. bxc4 Ng5 40. f4 exf4 41. gxf4 Ne6 42. Kf3 Bc7 43. e5 f5 44. Rd2 Kf7 45. Rd5 g5 46. fxg5 hxg5 47. Rd7+ Ke8 48. Rh7 Bd8 49. Rh8+ 1/2-1/2

[Event "GBR-ch110 Major Open"]
[Site "Hull"]
[Date "2024.08.04"]
[Round "9.14"]
[White "Adams, Henry"]
[Black "Patel, Zain"]
[Result "1-0"]
[WhiteElo "2000"]
[BlackElo "1958"]
[PlyCount "75"]
[EventDate "2024.07.27"]
[EventType "swiss"]
[EventRounds "9"]
[EventCountry "GBR"]
[SourceTitle "BritBase"]
[Source "John Saunders"]
[SourceDate "2025.02.20"]
[SourceVersion "1"]
[SourceVersionDate "2025.02.20"]
[SourceQuality "1"]

1. d4 Nf6 2. Nf3 g6 3. c4 c5 4. Nc3 cxd4 5. Nxd4 d5 6. Bg5 dxc4 7. e4 Bg7 8. Bxc4 O-O 9. Ndb5 Qa5 10. Bd2 Qb4 11. Qe2 Nc6 12. O-O Ne5 13. Bb3 Bg4 14. f3 Bd7 15. Kh1 Rad8 16. Rfd1 e6 17. Nxa7 Qe7 18. Be3 Nh5 19. Qf2 Rfe8 20. g4 Nf6 21. h3 Bf8 22. Bf4 Nc6 23. Bd6 Qxd6 24. Rxd6 Bxd6 25. Rd1 Bb8 26. Nab5 Ne5 27. Nd6 Rf8 28. Nxb7 Rc8 29. Nd6 Rc7 30. Qd4 Nxf3 31. Qxf6 Rc6 32. Qxf3 Bxd6 33. e5 Rfc8 34. exd6 Rc5 35. Kg1 h5 36. Ba4 hxg4 37. hxg4 Rxc3 38. bxc3 1-0

[Event "GBR-ch110 Major Open"]
[Site "Hull"]
[Date "2024.08.04"]
[Round "9.15"]
[White "Kovalskyi, Roman"]
[Black "Wills, Thomas"]
[Result "1-0"]
[WhiteElo "1989"]
[BlackElo "1927"]
[PlyCount "107"]
[EventDate "2024.07.27"]
[EventType "swiss"]
[EventRounds "9"]
[EventCountry "GBR"]
[SourceTitle "BritBase"]
[Source "John Saunders"]
[SourceDate "2025.02.20"]
[SourceVersion "1"]
[SourceVersionDate "2025.02.20"]
[SourceQuality "1"]

1. e4 c5 2. Nf3 d6 3. d4 cxd4 4. Nxd4 Nf6 5. Nc3 Nc6 6. Bg5 e6 7. Qd2 a6 8. O-O-O Bd7 9. f3 Nxd4 10. Qxd4 Be7 11. g4 h5 12. gxh5 Nxh5 13. Bxe7 Qxe7 14. Rg1 Bc6 15. Qxd6 Qxd6 16. Rxd6 Ke7 17. Rd2 Nf4 18. Rg4 Nh5 19. Bc4 g6 20. Ne2 Rac8 21. Bb3 Nf6 22. Rg2 e5 23. Kd1 Rh3 24. Ng1 Rh4 25. Ke1 Bb5 26. Rg5 Rh5 27. Rxh5 Nxh5 28. Ne2 Bxe2 29. Kxe2 Nf4+ 30. Ke3 Rh8 31. a4 Rc8 32. c3 f6 33. Ba2 g5 34. Bb3 Rh8 35. Bc4 Rc8 36. Bf1 Rh8 37. b4 Ne6 38. Rb2 Rc8 39. Kd2 Rh8 40. Kc1 Rc8 41. Rc2 Nf4 42. a5 Kd6 43. Kb2 Kc6 44. Rd2 Rh8 45. Kc2 Rh7 46. Kb3 Rg7 47. Rd8 g4 48. fxg4 Rxg4 49. Rf8 Rg6 50. Rf7 Rh6 51. b5+ axb5 52. Kb4 Rxh2 53. Bxb5+ Kd6 54. Rxb7 1-0